| 000 | 01013nas a2200277 4500 | ||
|---|---|---|---|
| 001 | BR8301364 | ||
| 003 | BR-BrBNA | ||
| 005 | 20231205085458.0 | ||
| 007 | ta | ||
| 008 | 230509b bl.|||p| |||| 00| 00por d | ||
| 040 |
_aBR-BrBNA _bpor _cBiblioteca Nacional de Agricultura |
||
| 041 | _a(Pt) | ||
| 072 | _aF25 | ||
| 100 | 1 | _aFreire, F.M. | |
| 100 | 1 | _aBraga, J.M. | |
| 100 | 1 | _aMartins Filho, C.A.S. | |
| 245 | 1 | _aValor fertilizante de fosfatos soluveis, araxa e parcialmente acidulado [sorgo granifero, Sorghum bicolor] | |
| 246 | 1 | _aFertilizing efficiency of soluble phosphates, natural and partially acidulated, under greenhouse conditions [grain sorghum, Sorghum bicolor] | |
| 650 | _aFERTILIZANTE FOSFATADO | ||
| 650 | _aSOLO ACIDO | ||
| 650 | _aSORGO GRANIFERO | ||
| 650 | _aLATOSSOLO VERMELHO AMARELO | ||
| 773 | 0 |
_tRevista Brasileira de Ciencia do Solo (Brazil) _xISSN 0100-0683 _g(Jan 1983), v. 7(1) p. 65-68 _wBR8301364 |
|
| 909 |
_a202311 _bLúcia _c55 _dLúcia Elande |
||
| 942 |
_2AGRIS _n0 _cANA |
||
| 999 |
_c111704 _d111704 |
||